| 000 | 01938nam a22001577a 4500 | ||
|---|---|---|---|
| 041 | _aukr | ||
| 080 | _a09 | ||
| 090 | _bРЕВ | ||
| 100 | _aРевенко, Л. М. | ||
| 245 | _aВербальні та невербальні складові сучасної англомовної реклами | ||
| 260 |
_aОстрог _bКАФ _c2014 |
||
| 300 | _a95 | ||
| 520 |
_aВступ.
Розділ І. Значення вербальних та невербальних складових сучасної англомовної реклами.
1.1. Визначення мовних функцій реклами
1.2. Опис специфіки засобів впливу в рекламному дискурсі
Розділ ІІ. Особливості вербальної та невербальної комунікації.
2.1. Поняття вербальної комунікації та її типологізація
2.2. Невербальні компоненти спілкування
2.3. Публічні виступи як важливий засіб комунікації з громадськістю
Розділ ІІІ. Аналіз вербальних і невербальних компонентівв сучасній англомовній рекламі.
3.1. Інформування та переконання на прикладах реклами
3.2. Інтесифікаційні та мотиваційні аспекти рекламної комунікації
3.3. Вербальні та невербальні компоненти у рекламних пропозиціях
3.4. Слоган, як важливий компонент досягнення успіху реклами
Висновки.
Список використаної літератури.
Додатки. _0реклама, комунікація, дискурс |
||
| 650 | _aResearch Papers | ||
| 999 |
_c285410 _d285410 |
||
| 942 | _cBK | ||